=LDR 00000nam 2200000 4500 =001 INLIS000000000010524 =005 20130612102158 =008 ***********************************Ind** =035 ##$$0010-061300000010524 =041 ##$$a Ind =082 ##$$a 419.3 =090 ##$$a 419.3, Ari k =100 ##$$a ARITONANG, Buha =245 ##$$a Kosakata dasar Swadesh di Kabupaten Ketapang, Kapuas Hilir dan Sambas =260 ##$$a 2002 $b Jakarta =300 ##$$a xviii, 285 hlm, 21 cm =650 ##$$a Bahasa-Bahasa Kalimantan Barat - Kosakata =850 ##$$a NBPNMAT